000 02151cam a22004095i 4500
001 17449742
003 EG-ScBUE
005 20250213100118.0
008 120831t2013 nyua fr 001 0 eng d
020 _a9780071795579 (pbk : acid-free paper)
020 _a0071795579
040 _aEG-ScBUE
_beng
_cEG-ScBUE
_dEG-ScBUE
_erda
082 0 4 _a519.2076
_bSPI
_222
100 1 _aSpiegel, Murray R.
_92617
_eauthor.
245 1 0 _aProbability and statistics /
_cMurray R. Spiegel, Ph.D., Former Professor and Chairman of Mathematics, Rensselaer Polytechnic Institute, Harford Graduate Center, John J. Schiller, Ph.D., Associate Professor of Mathematics, Temple University, R. Alu Srinivasan, Ph.D., Professor of Mathematics, Temple University.
250 _aFourth edition.
264 1 _aNew York :
_bMcGraw-Hill,
_c[2013]
264 4 _cc2013.
300 _avii, 424 pages :
_billustrations ;
_c28 cm.
336 _2rdacontent
_atext
_btxt
337 _aunmediated
_2rdamedia
_bn
338 _avolume
_bnc
_2rdacarrier
490 0 _aSchaum’s outline series
500 _aIndex : pages 420-424.
500 _aAppendix : pages 411-419.
505 0 _aPart I: Probability -- Basic Probability -- Random Variables and Probability Distributions -- Mathematical Expectation -- Special Probability Distributions -- Part II: Statistics -- Sampling Theory -- Estimation Theory -- Tests of Hypotheses and Significance -- Curve Fitting, Regression, and Correlation -- Analysis of Variance -- Nonparametric Tests -- Bayesian Methods.
520 _aA study-guide to probability and statistics that includes coverage of course concepts and 897 fully solved problems.
650 7 _aProbabilities
_vProblems, exercises, etc.
_2BUEsh
_941266
650 7 _aProbabilities
_vOutlines, syllabi, etc.
_2BUEsh
_941267
650 7 _aMathematical statistics
_vProblems, exercises, etc.
_2BUEsh
_941268
650 7 _aMathematical statistics
_vOutlines, syllabi, etc.
_2BUEsh
_941269
653 _bENGELC
_cSeptember2016
655 _vReading book
_934232
700 1 _aSchiller, John J.
_92621
_eauthor.
700 1 _aSrinivasan, R. Alu.
_92620
_eauthor.
942 _2ddc
_cBB
999 _c22422
_d22394